00338 a2200109 4500001001000000005001700010008004100027245002400068100002200092700002200114773009200136ART_4506720260410162038.0260409a 10aJóvenes excluidos1 aSalvia, Agustín1 aTuñón, Ianina0 tRevista de estudios regionales y mercado de trabajog- N° 3 (ene./dic. 2007)wREV44894